Normal view
MARC view
Entry Topical Term
001 - CONTROL NUMBER
- control field: 266004
003 - CONTROL NUMBER IDENTIFIER
- control field: OSt
005 - DATE AND TIME OF LATEST TRANSACTION
- control field: 20260625155749.0
008 - FIXED-LENGTH DATA ELEMENTS
- fixed length control field: 260625|| aca||aabn | a|a d
040 ## - CATALOGING SOURCE
- Original cataloging agency: OSt
- Transcribing agency: OSt
150 ## - HEADING--TOPICAL TERM
- Topical term or geographic name entry element: Individual Psychology
670 ## - SOURCE DATA FOUND
- Source citation: Work cat.: (OSt)107912: Duane P Schultz 266002, Theories of personality. Ed.7., 2001